Diccionario histórico-cultural de Valparaíso: toponimia-personajes-instituciones
Saved in:
| Hovedforfatter: | |
|---|---|
| Format: | Bog |
| Sprog: | spansk |
| Udgivet: |
Santiago
Bach
2010
|
| Fag: | |
| Tags: |
Tilføj Tag
Ingen Tags, Vær først til at tagge denne postø!
|
MARC
| LEADER | 00000cam a2200000 a 4500 | ||
|---|---|---|---|
| 001 | UCG7261 | ||
| 003 | CL-VaPUC | ||
| 008 | 110707e20100000CL |||||||||||||||||spa|d | ||
| 020 | |a 9789567774098 | ||
| 082 | 0 | 4 | |a 918.32550014 |b SAE |2 21 |
| 100 | 0 | |a Sáez Godoy, Leopoldo |e author |9 557972 | |
| 245 | 1 | 0 | |a Diccionario histórico-cultural de Valparaíso: toponimia-personajes-instituciones |
| 300 | |a 627 p | ||
| 942 | |c BK | ||
| 945 | |d 20110707 00:00:00 |a dcastane | ||
| 260 | |a Santiago |b Bach |c 2010 | ||
| 650 | 0 | |a Ciudades |9 265474 | |
| 650 | 0 | |a Historia de Valparaíso |9 460237 | |
| 650 | 7 | |a TOPONIMIA |2 CL-VaPUC |9 557973 | |
| 650 | 7 | |a CALLES |2 CL-VaPUC |9 364295 | |
| 650 | 7 | |a NOMBRES GEOGRAFICOS |2 CL-VaPUC |9 330729 | |
| 651 | 7 | |a CHILE |2 CL-VaPUC |9 557974 | |
| 651 | 0 | |a Valparaíso, Chile |9 261144 | |
| 583 | |a last modification |c 20180403 04:56:42 |k Rodrigo Vera | ||
| 999 | |c 345319 |d 345317 | ||
| 952 | |0 0 |1 0 |4 0 |6 918_325500140000000_SAE_2010 |7 0 |8 F |9 443912 |a BIBARQ |b BIBARQ |d 2019-11-22 |i 4786645 |o 918.32550014 SAE 2010 |p 4786645 |r 2025-01-20 |w 2019-11-22 |y BK_F |k ARQ | ||
| 952 | |0 0 |1 0 |4 0 |6 918_325500140000000_SAE_2010 |7 0 |8 A |9 443913 |a BIBING |b BIBING |d 2019-11-22 |i 4875052 |o 918.32550014 SAE 2010 |p 4875052 |r 2025-01-20 |w 2019-11-22 |y BK |k CUI | ||
| 952 | |0 0 |1 0 |4 0 |6 918_325500140000000_SAE_2010 |7 0 |8 X |9 443914 |a FDOBUD |b FDOBUD |d 2019-11-22 |i 4881141 |o 918.32550014 SAE 2010 |p 4881141 |r 2019-11-22 |w 2019-11-22 |y BK_X |k BUD | ||
| 952 | |0 0 |1 0 |4 0 |6 918_325500140000000_SAE_2010 |7 0 |8 X |9 443915 |a FDOBUD |b FDOBUD |d 2019-11-22 |i 4965736 |o 918.32550014 SAE 2010 |p 4965736 |r 2019-11-22 |w 2019-11-22 |y BK_X |k BUD | ||
| 952 | |0 0 |1 0 |4 0 |6 918_325500140000000_SAE_2010 |7 0 |8 F |9 443916 |a BIBGIM |b BIBGIM |d 2019-11-22 |i 4988167 |o 918.32550014 SAE 2010 |p 4988167 |r 2025-01-15 |w 2019-11-22 |y BK_F |k SSL | ||